| 000 | 00620 a2200193 4500 | ||
|---|---|---|---|
| 010 | _aENG-85152 | ||
| 020 |
_a8184090048 _c3200.00 |
||
| 035 | _aEN-68685 | ||
| 037 | _bD.B.Act / Pub | ||
| 082 | 1 | 4 | _a972.981 |
| 090 |
_c1525 _d1525 |
||
| 100 | 1 | _aAnsal, Kusum | |
| 245 | 1 |
_aDiscovering Latin America _cby Kusum Ansal |
|
| 260 |
_aNew Delhi _bFrank Bros. _c2006 |
||
| 270 |
_a4675-A, Ansari Road, 21, Daryaganj _bNew Delhi _k011-23263393, 011-23279936 |
||
| 300 |
_a152 p. _b30 cm (Hb.) |
||
| 942 |
_adpl _cEN _k972.981 / ANS |
||
| 999 |
_c1503 _d1503 |
||